000 005120000a22001930004500
003 LK-CoMWRAF
005 20230925150133.0
008 230817t ||||| |||| 00| 0 eng d
040 _aLK-CoMWRAF
_dLK-CoMWRAF
_eLK-CoMWRAF
041 _aeng
082 _a297.211
_bWAH
100 _aWahhab, Shaykh Muhammad
245 _aKitab Al Tawhid
260 _a Kuwait :
_bInternational Islamic federation of student organizations (IIFSO),
_c1981
300 _a191p
490 _a17
650 _aIslam
942 _cBK
999 _c1588
_d1588